| 000 | 01934cam a2200361 i 4500 | ||
|---|---|---|---|
| 999 |
_c64714 _d64714 |
||
| 001 | 15743120 | ||
| 003 | CO-MdFUSB | ||
| 005 | 20181114104101.0 | ||
| 008 | 090519s20102009mau b 001 0 eng | ||
| 010 | _a 2009020512 | ||
| 020 | _a9781598563245 (alk. paper) | ||
| 020 | _a1598563246 (alk. paper) | ||
| 040 |
_aDLC _cCO-MdFUSB _dCO-MdFUSB _dEXS _dDLC _bspa _erda |
||
| 041 | _aeng | ||
| 082 | 0 | 0 |
_224 _aG 225.92 _bP324p |
| 245 | 1 | 0 |
_aPaul unbound _b: other perspectives on the Apostle _c/ Mark D. Given, editor. |
| 264 | 1 |
_aPeabody, Massachusetts : _bHendrickson Publishers, _c℗2009 |
|
| 264 | 4 | _c©2010 | |
| 300 |
_axiv, 210 páginas ; _c22 cm. |
||
| 336 |
_2rdacontent _atexto _btxt |
||
| 337 |
_2rdamedia _asin mediación _bn |
||
| 338 |
_2rdacarrier _avolumen _bnc |
||
| 501 | _aIncluye índices (páginas 201- 210) | ||
| 505 | 0 | _gIntroducción / Mark D. Given -- Paul y el Imperio Romano: perspectivas recientes / Warren Carter -- Paul y economía: la colección de Jerusalén como alternativa al patrocinio / Steven J. Friesen -- Paul y sus oponentes: la búsqueda / Jerry L Sumney -- Paul y la etnicidad: una historia selectiva de interpretación / Charles H. Cosgrove -- Paul y la ley: puntos de presión en el debate / A. Andrew Das -- Paul y el judaísmo: ¿por qué no el judaísmo de Paul? / Mark D. Nanos -- Paul y mujeres: decirle a las mujeres que se callen es más complicado de lo que podría pensar / Deborah Krause -- Paul y la retórica: un sophos en el Reino de Dios / Mark D. Given. | |
| 600 | 0 | 7 |
_aPablo, _cSanto |
| 700 | 1 | _aGiven, Mark Douglas. | |
| 906 |
_a7 _bcbc _corignew _d1 _eecip _f20 _gy-gencatlg |
||
| 942 | _cBK | ||